Concepts in quantum mechanics (Record no. 2904)

MARC details
000 -LEADER
fixed length control field 00598nam a2200193Ia 4500
003 - CONTROL NUMBER IDENTIFIER
control field IN-BaIIA
008 - FIXED-LENGTH DATA ELEMENTS--GENERAL INFORMATION
fixed length control field 211028s9999 xx 000 0 eng d
040 ## - CATALOGING SOURCE
Transcribing agency IIA Library
080 ## - UNIVERSAL DECIMAL CLASSIFICATION NUMBER
Universal Decimal Classification number 530.145
Item number KAE
100 ## - MAIN ENTRY--PERSONAL NAME
Personal name Kaempffer, F. A.
9 (RLIN) 5187
245 #0 - TITLE STATEMENT
Title Concepts in quantum mechanics
Statement of responsibility, etc. F. A. Kaempffer
260 ## - PUBLICATION, DISTRIBUTION, ETC.
Place of publication, distribution, etc. New York
Name of publisher, distributor, etc. Academic Press
Date of publication, distribution, etc. 1965
300 ## - PHYSICAL DESCRIPTION
Extent xiii, 358p.
490 ## - SERIES STATEMENT
Series statement Pure and applied physics: a series of monographs and textboo
650 ## - SUBJECT ADDED ENTRY--TOPICAL TERM
Topical term or geographic name entry element NASA Thesaurus
650 ## - SUBJECT ADDED ENTRY--TOPICAL TERM
Topical term or geographic name entry element Quantum mechanics
650 ## - SUBJECT ADDED ENTRY--TOPICAL TERM
Topical term or geographic name entry element Quantum theory
942 ## - ADDED ENTRY ELEMENTS (KOHA)
Koha item type Books
Holdings
Withdrawn status Lost status Damaged status Not for loan Home library Current library Shelving location Date acquired Cost, normal purchase price Total Checkouts Full call number Barcode Date last seen Cost, replacement price Price effective from Koha item type Purchase Price
        IIA Library-Bangalore IIA Library-Bangalore General Stacks 30/03/1967 70.20   530.145/ KAE 3228 05/11/2021 70.20 30/03/1967 Books Rs. 70.20

Powered by Koha